| 000 | 00786nam a2200217 c 4500 | ||
|---|---|---|---|
| 005 | 20240429085506.0 | ||
| 008 | 200908s2018 nyu |||gr|||| 00| 0 eng d | ||
| 020 | _a9780749482169 | ||
| 040 |
_aCO-BoUCM _bspa _cDeissy Garcia _dDavid Moreno (modificó) |
||
| 041 | 0 | _aeng | |
| 100 | 1 |
_aGrigsby, Mike _9100891 |
|
| 245 |
_aMarketing analytics _ba practical guide to improving consumer insights using data techniques _cMike Grigsby |
||
| 260 |
_bKogan Page _c2018 _aNueva York |
||
| 300 | _axiv, 217 Páginas | ||
| 504 | _aIncluye referencias bibliográficas e índices | ||
| 650 | 1 | 7 |
_943399 _aMarketing |
| 650 | 1 | 7 |
_917986 _aInvestigación de mercados |
| 650 | 1 | 7 |
_98952 _aAnálisis de datos |
| 942 |
_cLIBRO _n0 _2DEWEY _a16 _e2 _h658.83 _mG857m |
||
| 999 |
_c317859 _d317859 |
||